Najwięksi producenci kawy - Statystyki

Ogólne statystyki
  • Ten quiz został rozwiązany 251 razy
  • Średni wynik to 6 z 10
Statystyki odpowiedzi
Ilość (tony) Państwo % Poprawnych
3 556 000t Brazylia
99%
326 000t Indie
77%
720 000t Kolumbia
77%
369 000t Peru
68%
722 000t Indonezja
64%
1 616 000t Wietnam
55%
470 000t Etiopia
53%
245 000t Gwatemala
26%
481 000t Honduras
17%
211 000t Uganda
17%
Nie znaleziono quizów pasujących do podanych kryteriów
Rozkład punktacji
Procent ludzi z każdym wynikiem
Percentyl według liczby udzielonych odpowiedzi
Twoja historia wyników
Nie rozwiązałeś tego quizu